| 000 | 03547cam a22004934i 4500 | ||
|---|---|---|---|
| 003 | PE-LiUPU | ||
| 005 | 20250731172858.0 | ||
| 008 | 170102s2016 xxua r b 001 0 eng d | ||
| 020 | _a0830850961 | ||
| 020 | _a9780830850969 | ||
| 035 | _a(Sirsi) a165797 | ||
| 040 |
_aPE-LiUPU _bspa _cPE-LiUPU _erda |
||
| 049 | _aPRUA | ||
| 082 | 0 | 4 |
_a266.009051 _bT46 _223 |
| 245 | 0 | 4 |
_aThe state of missiology today : _bglobal innovations in Christian witness / _cedited by Charles E. Van Engen. |
| 264 | 1 |
_aDowners Grove, Illnois : _bIVP Academic, an imprint of InterVarsity Press, _c[2016] |
|
| 300 |
_ax, 304 páginas _bilustraciones ; _c23 centimetros |
||
| 336 |
_atext _2rdacontent |
||
| 337 |
_aunmediated _2rdamedia |
||
| 338 |
_avolume _2rdacarrier |
||
| 504 | _aBibliografía : páginas 299-300. | ||
| 504 | _aÍndices: páginas 301-304. | ||
| 505 | 0 |
_aIntroduction: _tInnovating mission : retrospect and prospect in the field of missiology / _rCharles E. Van Engen -- _gPart 1: _tThe diffusion of innovation : looking backward to look ahead -- _tDonald A. McGavran: life, influence and legacy in mission / _rGary L. McIntosh -- _tInnovations in missiological hermeneutics / _rShawn B. Redford -- _tSeeing with church-growth eyes : the rise of indigenous church movements in mission praxis / _rSarita D. Gallagher -- _tA "fuller" vision of God's mission and theological education in the new context of global Christianity / _rWonsuk Ma -- _tWho is our Cornelius? : Learning from fruitful encounters at the boundaries of mission / _rPascal D. Bazzell -- _tRethinking the nature of Christian mission : a South Korean perspective / _rMoonjang Lee -- _tWhat does Rome have to do with Pasadena? : connecting Roman Catholic missiology with SWM/SIS innovations / _rStephen Bevans -- _gPart 2: _tThe implications of innovation : back to the future (looking forward) -- _tInnovation at the margins / _rJayakumar Christian -- _tMission trajectories in the twenty-first century : interfaith roads best traveled / _rTerry C. Muck -- _tMission in the Islamic world : making theological and missiological sense of Muhammad / _rJohn A. Azumah -- _tEmergence of new paths : the future of mission in Roman Catholicism / _rMary Motte -- Revisiting mission in, to and from Europe through contemporary image formation / _rAnne-Marie Kool -- _tDeclaring the wonders of God in our own tongues : Africa, mission and the making of world Christianity / _rJ. Kwabena Asamoah-Gyadu -- _tEschatology and mission : a Latin American perspective / _rPablo A. Deiros -- _gConclusion: _tA historian's hunches : eight future trends in mission / _rScott W. Sunquist. |
|
| 526 | _aSEG42 | ||
| 526 | _aSEG41 | ||
| 526 | _aSEG40 | ||
| 526 | _aSEG39 | ||
| 526 | _aP94 | ||
| 526 | _aP87 | ||
| 526 | _aP86 | ||
| 526 | _aP85 | ||
| 526 | _aP77 | ||
| 526 | _aP76 | ||
| 526 | _aP35 | ||
| 650 | 0 | 4 |
_aMisiones _xTeoría. |
| 650 | 0 | 4 |
_aMisiones _xTeoría. _2fast _0 (OCoLC) fst01023834 |
| 700 | 1 |
_aEngen, Charles Edward van, _eeditor. |
|
| 910 |
_ajck _bjvq _cjck _d20160102 |
||
| 942 |
_2ddc _cBOOK |
||
| 949 |
_a266.009051 T46 _wDEWEY _c1 _i75480 _lCATALOGING _mBUL _p00.00 _r0 _sY _tBOOK _u2016-01-02 _xTEOLOGIA _zPOSGRADO TEOLOGÍA _0COMPRA _o.CIRCNOTE. El documento es de alto precio. _o.STAFF. Colección Teología |
||
| 596 | _a1 | ||
| 999 |
_a266.009051 T46 _wDEWEY _c14545 _i75481 _d14545 _f2021-11-10 _g5 _lCCODEBUL1 _mBUL _p36.00 _q1 _r0 _sY _tBOOK _u2017-1-2 _xTEOLOGIA _PP85 _0COMPRA _o.STAFF. Colección Teología |
||
| 980 |
_81 _gALBERTO SANCHEZ Responsable de Automatización |
||